| 000 | 00636nam a2200193 a 4500 | ||
|---|---|---|---|
| 005 | 20160223105805.0 | ||
| 008 | 160223b2005 xxua gra 00| 0 spa d | ||
| 020 | _a9801108746 | ||
| 040 |
_aCO-BoIAVH _cCO-BoIAVH |
||
| 041 | _aspa | ||
| 082 | 0 | 4 |
_a363.61 _bD58d |
| 245 | 1 |
_aDinámica hídrica en sistemas neotropicales _binvestigaciones en dinámica hídrica de la red ricas |
|
| 260 |
_aMerida _bICAE _bUniversidad de Los Andes, Merida. Venezuela _c2005 |
||
| 300 |
_a48 paginas. _bilustraciones. ; _c26 x 19 cm |
||
| 700 | _aAtaroff, Michele | ||
| 700 | _aSilva, Juan F. | ||
| 942 |
_cLIBRO _2ddc |
||
| 945 | _d2007-05-17 | ||
| 999 |
_c5525 _d5525 |
||